Urban criminal: a study in sheffield (Record no. 410325)

000 -LEADER
fixed length control field 00434cam a22001457a 4500
008 - FIXED-LENGTH DATA ELEMENTS--GENERAL INFORMATION
fixed length control field 180718b1976 xxu||||| |||| 00| 0 eng d
020 ## - INTERNATIONAL STANDARD BOOK NUMBER
International Standard Book Number 0 422 74870 6
082 ## - DEWEY DECIMAL CLASSIFICATION NUMBER
Classification number Q8x42 B193
100 ## - MAIN ENTRY--PERSONAL NAME
Personal name Baldwin, John
245 ## - TITLE STATEMENT
Title Urban criminal: a study in sheffield
Statement of responsibility, etc. by John Baldwin and A.E. Bottoms
260 ## - PUBLICATION, DISTRIBUTION, ETC.
Place of publication, distribution, etc. London
Name of publisher, distributor, etc. Tavistock Publications
Date of publication, distribution, etc. 1976
300 ## - PHYSICAL DESCRIPTION
Extent ix, 262p
650 ## - SUBJECT ADDED ENTRY--TOPICAL TERM
Topical term or geographic name entry element Crime -England -Sheffield.
700 ## - ADDED ENTRY--PERSONAL NAME
Personal name Bottoms, A.E.
Holdings
Withdrawn status Lost status Damaged status Not for loan Permanent Location Current Location Date acquired Full call number Barcode Date last seen Price effective from Koha item type
        Indian Institute of Public Administration Indian Institute of Public Administration 2009-01-16 Q8x42 B193 DA4799 2018-07-21 2018-07-21 DA

Powered by Koha